Zemin mekaniğinin esasları ve temeller (Record no. 200001203)
[ view plain ]
| 000 -LEADER | |
|---|---|
| fixed length control field | 00873 a2200301 4500 |
| 001 - CONTROL NUMBER | |
| control field | 200001203 |
| 003 - CONTROL NUMBER IDENTIFIER | |
| control field | TR-AnTOB |
| 005 - DATE AND TIME OF LATEST TRANSACTION | |
| control field | 20230821101045.0 |
| 008 - FIXED-LENGTH DATA ELEMENTS--GENERAL INFORMATION | |
| fixed length control field | 100709e2007 tu 000 0 |
| 010 ## - LIBRARY OF CONGRESS CONTROL NUMBER | |
| LC control number | 2006049454 |
| 024 30 - OTHER STANDARD IDENTIFIER | |
| Standard number or code | 9780131145603 |
| 040 ## - CATALOGING SOURCE | |
| Original cataloging agency | TR-AnTOB |
| 041 ## - LANGUAGE CODE | |
| Language code of text/sound track or separate title | Türkçe |
| 050 14 - LIBRARY OF CONGRESS CALL NUMBER | |
| Classification number | TA710 |
| Item number | .M3853 2007 |
| 090 ## - LOCALLY ASSIGNED LC-TYPE CALL NUMBER (OCLC); LOCAL CALL NUMBER (RLIN) | |
| Classification number (OCLC) (R) ; Classification number, CALL (RLIN) (NR) | TA 710 .M3853 2007 |
| 100 1# - MAIN ENTRY--PERSONAL NAME | |
| Personal name | McCarthy, David F. |
| 9 (RLIN) | 69430 |
| 245 10 - TITLE STATEMENT | |
| Title | Zemin mekaniğinin esasları ve temeller |
| Remainder of title | temel geoteknik / |
| Statement of responsibility, etc. | David F. McCarthy, P. E. |
| 250 ## - EDITION STATEMENT | |
| Edition statement | 7baskı |
| 264 #1 - PRODUCTION, PUBLICATION, DISTRIBUTION, MANUFACTURE, AND COPYRIGHT NOTICE | |
| Place of production, publication, distribution, manufacture | OYTEV: |
| Name of producer, publisher, distributor, manufacturer | Orhan Yavuz Eğitim Vakfı., |
| Date of production, publication, distribution, manufacture, or copyright notice | c2007. |
| 300 ## - PHYSICAL DESCRIPTION | |
| Extent | xiii, 850 s. : |
| Other physical details | res., hrt. ; |
| Dimensions | 25 cm |
| 504 ## - BIBLIOGRAPHY, ETC. NOTE | |
| Bibliography, etc. note | |
| 650 ## - SUBJECT ADDED ENTRY--TOPICAL TERM | |
| Topical term or geographic name entry element | Soil mechanics |
| 9 (RLIN) | 69431 |
| Topical term or geographic name entry element | Zemin mekaniği |
| 9 (RLIN) | 6321 |
| Topical term or geographic name entry element | Foundations |
| 9 (RLIN) | 69433 |
| Topical term or geographic name entry element | Temeller |
| 9 (RLIN) | 69435 |
| 942 ## - ADDED ENTRY ELEMENTS (KOHA) | |
| Koha item type | Book |
| Withdrawn status | Lost status | Source of classification or shelving scheme | Materials specified (bound volume or other part) | Not for loan | Collection code | Home library | Current library | Shelving location | Date acquired | Source of acquisition | Cost, normal purchase price | Serial Enumeration / chronology | Inventory number | Total Checkouts | Total Renewals | Total Holds | Full call number | Barcode | Date last seen | Date last checked out | Copy number | Cost, replacement price | Date shelved | Koha item type | Public note |
|---|---|---|---|---|---|---|---|---|---|---|---|---|---|---|---|---|---|---|---|---|---|---|---|---|---|
| Library of Congress Classification | c.1 | Ödünç Verilebilir / Available | Genel Koleksiyon | Merkez Kütüphane | Merkez Kütüphane | Genel Koleksiyon / Main Collection | 05/07/2010 | Bağış / Donation | 0.01 | 1 | MAK | 2 | 1 | TA710 .M3853 2007 | 0034115 | 15/04/2019 | 04/03/2019 | 1 | 0.01 | 05/07/2010 | Book | OYTEV |
